Sinh lí học thể dục thể thao

Na minha lista:
Detalhes bibliográficos
Autor principal: Vũ, Thanh Bình
Outros Autores: Đông, Khắc Hưng
Formato: Livro
Idioma:Undetermined
Publicado em: H. ĐHSP 2005
Assuntos:
Acesso em linha:http://lrc.tdmu.edu.vn/opac/search/detail.asp?aID=2&ID=5657
Tags: Adicionar Tag
Sem tags, seja o primeiro a adicionar uma tag!
Thư viện lưu trữ: Trung tâm Học liệu Trường Đại học Thủ Dầu Một
LEADER 00631nam a2200205Ia 4500
001 TDMU_5657
008 210410s9999 xx 000 0 und d
082 |a 612 
090 |b V500 
100 |a Vũ, Thanh Bình 
245 0 |a Sinh lí học thể dục thể thao 
245 0 |c Vũ Thanh Bình 
260 |a H. 
260 |b ĐHSP 
260 |c 2005 
300 |a 334tr. 
650 |a Thể dục thể thao  |x Khía cạnh sinh lí 
700 |a Đông, Khắc Hưng 
856 |u http://lrc.tdmu.edu.vn/opac/search/detail.asp?aID=2&ID=5657 
980 |a Trung tâm Học liệu Trường Đại học Thủ Dầu Một